Aves de Sierra de la Ventana /
Guardado en:
| Autor Principal: | |
|---|---|
| Otros Autores: | |
| Formato: | Libro |
| Idioma: | Spanish |
| Publicado: |
Bahía Blanca :
el Autor,
2007
|
| Edición: | 1a. ed. |
| Materias: | |
| Etiquetas: |
Agregar Etiqueta
Sin Etiquetas, Sea el primero en etiquetar este registro!
|
| LEADER | 00628nam a22001935a 4500 | ||
|---|---|---|---|
| 001 | DER.der008726 | ||
| 008 | 180615s2007####ag#||||||||||||||#||spa|| | ||
| 005 | 20251210181200.0 | ||
| 245 | 1 | 0 | |a Aves de Sierra de la Ventana / |c Pedro Cristóbal Doiny Cabré , Reginaldo Lejarraga |
| 250 | |a 1a. ed. | ||
| 260 | |a Bahía Blanca : |b el Autor, |c 2007 | ||
| 300 | |a 127 p. | ||
| 020 | |a 9789870525783 | ||
| 100 | 1 | |a Doiny Cabré, Pedro Cristóbal | |
| 700 | 1 | |a Lejarraga, Reginaldo | |
| 653 | |a AVES | ||
| 653 | |a DERECHO AMBIENTAL | ||
| 859 | |a DERECHO |b BIB. DERECHO |h 598.072 82 |i DOI |p 001813 | ||
| 859 | |a DERECHO |b BIB. DERECHO |h 598.072 82 |i DOI |p 000288 |t 1 | ||
